000 00823cab a22001935a 4500
001 L142040
008 071128e20080118xxkao f 000 0 eng d
035 _a(Sirsi) u142040
041 0 _aeng
100 1 _aSandher, Hardeep
245 0 0 _aRegional report
_bNorth-east
260 _c2008
490 0 _aProperty Week
_v73(3) 18 January 2008, 71-92(8)
520 _aReports on news and deals from around the local market; discusses whether or not a redevelopment of Newcastle's Eldon Square will go ahead in light of the credit crunch; plans to turn Seaham into the Hollywood of the north; the redevelopment of the former Vaux brewery site; redevelopment of Cruddas Park, Newcastle tower blocks.
590 _aKA
651 4 _aNorth East
690 _aPROPERTY-COMMERCIAL PROPERTY-COMMERCIAL PROPERTY MARKET
942 _n0
999 _c79711
_d79711